Decision Support and data warehouse systems (Record no. 180596)

MARC details
000 -LEADER
fixed length control field 00434nam a2200157Ia 4500
005 - DATE AND TIME OF LATEST TRANSACTION
control field 20241217150242.0
008 - FIXED-LENGTH DATA ELEMENTS--GENERAL INFORMATION
fixed length control field 231217s9999 xx 000 0 und d
020 ## - INTERNATIONAL STANDARD BOOK NUMBER
International Standard Book Number 9780070486843
082 ## - DEWEY DECIMAL CLASSIFICATION NUMBER
Classification number 001.535 MAL;2 R1
100 ## - MAIN ENTRY--PERSONAL NAME
Personal name Mallach, Efrem G
245 #0 - TITLE STATEMENT
Title Decision Support and data warehouse systems
260 ## - PUBLICATION, DISTRIBUTION, ETC. (IMPRINT)
Date of publication, distribution, etc. 2000
Name of publisher, distributor, etc. TMH
Place of publication, distribution, etc. New Delhi
300 ## - PHYSICAL DESCRIPTION
Extent xix+664
650 ## - SUBJECT ADDED ENTRY--TOPICAL TERM
Topical term or geographic name as entry element Decision,Support,data,warehouse,systems
942 ## - ADDED ENTRY ELEMENTS (KOHA)
Koha item type Books
Holdings
Date last seen Total Checkouts Full call number Accession number Old discount Cost, replacement price Price effective from Category Lost status Damaged status Department Withdrawn status bill no. bill date Permanent Location Current Location Entry date Vendor Cost, normal purchase price Grants Currency symbol Conversion rate Discount Discount type Shelving location
26/01/2024   001.535 MAL;2 R1 49036 25 299.25 26/01/2024 Books     Central Library   47132 20/02/2009 Central Library Central Library 19/05/2008 Book Paradise 399.00 MCA RS 1 99.75 Rupees  
26/01/2024   001.535 MAL;3 49037 25 299.25 26/01/2024 Books     Central Library   47132 20/02/2009 Central Library Central Library 19/05/2008 Book Paradise 399.00 MCA RS 1 99.75 Rupees Central Library
26/01/2024   001.535 MAL;4 49038 25 299.25 26/01/2024 Books     Central Library   47132 20/02/2009 Central Library Central Library 19/05/2008 Book Paradise 399.00 MCA RS 1 99.75 Rupees Central Library
26/01/2024   001.535 MAL;5 49039 25 299.25 26/01/2024 Books     Central Library   47132 20/02/2009 Central Library Central Library 19/05/2008 Book Paradise 399.00 MCA RS 1 99.75 Rupees Central Library
26/01/2024   001.535 MAL;6 49040 25 299.25 26/01/2024 Books     Central Library   47132 20/02/2009 Central Library Central Library 19/05/2008 Book Paradise 399.00 MCA RS 1 99.75 Rupees Central Library

© For any Suggestions or Query, please contact the library staff @ librarian@pes.edu or Phone: +9180 2672 1983/ 2108.